skbl

Dr Suryya Kumar Bhuyan Library Web-OPAC
ডঃ সূৰ্য্য
কুমাৰ ভূঞা পুথিভঁৰাল ৱেব-অ'পেক

All Research Scholars are advised to clear the annual library fees to continue using Library Resources, Remote Access, Plagiarism Test and Library Clearance.

Cotton University Book Fair 2026

Boro Kochary Solo / (Record no. 220)

MARC details
000 -LEADER
fixed length control field 00782nam a2200277Ia 4500
001 - CONTROL NUMBER
control field 220
005 - DATE AND TIME OF LATEST TRANSACTION
control field 20240113233404.0
007 - PHYSICAL DESCRIPTION FIXED FIELD--GENERAL INFORMATION
fixed length control field ta
008 - FIXED-LENGTH DATA ELEMENTS--GENERAL INFORMATION
fixed length control field 050106s1995 a g b000 u asm u
040 ## - CATALOGING SOURCE
Original cataloging agency stack
041 ## - LANGUAGE CODE
Language code of text/sound track or separate title asm
082 ## - DEWEY DECIMAL CLASSIFICATION NUMBER
Classification number 891.493B
Item number Br 72 Ba
100 ## - MAIN ENTRY--PERSONAL NAME
Personal name Brahma, Mohini Mohan .
245 #0 - TITLE STATEMENT
Title Boro Kochary Solo /
Statement of responsibility, etc. Mohini Mohan Brahma & Prafulla Dutta Goswami.
Medium Textual Documents
250 ## - EDITION STATEMENT
Edition statement 1st ed /
260 ## - PUBLICATION, DISTRIBUTION, ETC.
Place of publication, distribution, etc. Kokrajhar(Assam) :
Name of publisher, distributor, etc. Bodo publication Board ,
Date of publication, distribution, etc. 1995.
300 ## - PHYSICAL DESCRIPTION
Extent 129p. :
Other physical details ill ;
Dimensions 22cm. .
500 ## - GENERAL NOTE
General note This book is written in Bodo language & translated from Assamese language
653 ## - INDEX TERM--UNCONTROLLED
Uncontrolled term Bodo Folktales
942 ## - ADDED ENTRY ELEMENTS (KOHA)
Source of classification or shelving scheme Dewey Decimal Classification
Koha item type Books
Holdings
Withdrawn status Lost status Damaged status Not for loan Collection Home library Current library Date acquired Coded location qualifier Total checkouts Full call number Barcode Date last seen Copy number Price effective from Koha item type Date due Date last checked out
          Dr. Suryya Kumar Bhuyan Library Dr. Suryya Kumar Bhuyan Library 01/02/2012 00000   891.493B Br 72 Ba 225/Bodo 13/01/2024 2 01/02/2012 Books    
          Dr. Suryya Kumar Bhuyan Library Dr. Suryya Kumar Bhuyan Library 01/02/2012 00000 1 891.493B Br 72 Ba 220/Bodo 13/03/2026 3 01/02/2012 Books 03/04/2026 13/03/2026
          Dr. Suryya Kumar Bhuyan Library Dr. Suryya Kumar Bhuyan Library 01/02/2012 00000   891.493B Br 72 Ba 221/Bodo 13/01/2024 4 01/02/2012 Books    
          Dr. Suryya Kumar Bhuyan Library Dr. Suryya Kumar Bhuyan Library 01/02/2012 00000   891.493B Br 72 Ba 222/Bodo 13/01/2024 1 01/02/2012 Books    

Designed and Maintained by Team SKBL
©1901-2026

Powered by Koha